<?xml version="1.0" encoding="UTF-8"?>
<collection xmlns="http://www.loc.gov/MARC21/slim">
 <record>
  <leader>00671nam a22002295a 4500</leader>
  <controlfield tag="001">EHU.bham023209</controlfield>
  <controlfield tag="003">AR-BHAM</controlfield>
  <controlfield tag="005">20101229141801.0</controlfield>
  <controlfield tag="008">130507s1998##################000#0#####d</controlfield>
  <datafield tag="082" ind1="1" ind2="9">
   <subfield code="a">194</subfield>
  </datafield>
  <datafield tag="100" ind1="1" ind2=" ">
   <subfield code="a">Lyotard, Jean-francois</subfield>
  </datafield>
  <datafield tag="245" ind1="1" ind2="0">
   <subfield code="a">Moralidades posmodernas /</subfield>
   <subfield code="c">Jean-francois Lyotard</subfield>
  </datafield>
  <datafield tag="250" ind1=" " ind2=" ">
   <subfield code="a">2a. ed.</subfield>
  </datafield>
  <datafield tag="260" ind1=" " ind2=" ">
   <subfield code="a">Madrid :</subfield>
   <subfield code="b">Tecnos,</subfield>
   <subfield code="c">1998</subfield>
  </datafield>
  <datafield tag="300" ind1=" " ind2=" ">
   <subfield code="a">179p.</subfield>
  </datafield>
  <datafield tag="490" ind1="0" ind2=" ">
   <subfield code="a">Metrópolis</subfield>
  </datafield>
  <datafield tag="500" ind1=" " ind2=" ">
   <subfield code="a">Traducción de Agustín Izquierdo</subfield>
  </datafield>
  <datafield tag="653" ind1=" " ind2=" ">
   <subfield code="a">Filosofia moderna occidental [europa]</subfield>
  </datafield>
  <datafield tag="653" ind1=" " ind2=" ">
   <subfield code="a">Filosofia francesa-ensayos</subfield>
  </datafield>
  <datafield tag="653" ind1=" " ind2=" ">
   <subfield code="a">Posmodernidad</subfield>
  </datafield>
  <datafield tag="653" ind1=" " ind2=" ">
   <subfield code="a">Moral</subfield>
  </datafield>
  <datafield tag="859" ind1=" " ind2=" ">
   <subfield code="a">AR-BHAM</subfield>
   <subfield code="b">BIB. HUMANIDADES - General</subfield>
   <subfield code="h">194</subfield>
   <subfield code="i">L995-3</subfield>
   <subfield code="p">162.00</subfield>
   <subfield code="t">Ej.1</subfield>
  </datafield>
 </record>
</collection>
